1001 1652 1054 1768 1727 1352 1142 1819 1665 1042 1917 1601 1499 1703 1963 1785 1009 1011 1301 1055 1094 1686 1886 1350 1326 1301 1919 1462 1095 1843 1906 1022 1065 1978 1813 1393 1439 1145 1582 1876 1888 1150 1077 1224 1778 1231 1696 1598 1287 1127 1608 1007 1599 1373 1648 1089 1424 1341 1852 1676 1633 1313 1160 1089 1488 1548 1737 1143 1709 1517 1765 1892 1846 1692 1799 1327 1274 1761 1553 1883 1067 1136 1988 1140 1797 1053 1263 1751 1178 1806 1809 1409 1774 1518 1020 1366 1831 1893 1784 BCNSPRNW ULIB Ver.6.0+V

เปลี่ยนเป็นภาษาไทย

Change to English
 แสดงรายละเอียดบรรณานุกรม
  กลับหน้าหลัก

Brief Record : Get Marc (ISO 2709) : E-mail record : QR code < ปิดหน้าต่าง
LEADER : 00000nam 2200000uu 4500
001    13399125078
003     ULIB
008    160610s2558||||th 000 0 tha d
020    ^a9786165515467
060 04 ^aWP250^bช561ก
100 0  ^aชินา โอฬาธรัตนพันธ์
245 10 ^aการตรวจปากมดลูก ด้วยกล้องขยายทางช่องคลอด สำหรับสูติศาสตร์ - นรีแพทย์ทั่วไป /^cชินา โอฬาธรัตนพันธ์, อภิชัย วศุรัตน์ และ สมชัย นิรุตติศาศน์, บรรณาธิการ
250    ^aพิมพ์ครั้งที่ 1
260    ^aกรุงเทพฯ :^bหน่วยมะเร็งนรีเวชวิทยาและหน่วยพยาธิ-เซลล์วิทยา ภาควิชาสูติศาสตร์-นรีเวชวิทยา คณะแพทยสาสตร์ จุฬาลงกรณ์มหาวิทยาลัย,^c2555
300    ^a68 หน้า :^bภาพประกอบ(สีบางภาพ), 20 ซม.
500    ^aสูติศาสตร์
505 0  ^a1.Principle and instrumentation--2.Colposcopic Terminology--3.Management of Abnormal Cervical Cytology.
650  7 ^aการตรวจปากมดลูก
650  7 ^aกล้องขยายทางช่องคลอด
650  0 ^aปากมดลูก
650  0 ^aกล้องขยาย
650  0 ^aสูติศาสตร์
700 0  ^aอภิชัย วศุรัตน์
700 0  ู^aสมชัย นิรุตติศาศน์,
710 1  ^aจุฬาลงกรณ์มหาวิทยาลัย
945    ^p280^l0^i001281
945    ^p280^l0^i001282
945    ^p280^l0^i001283
945    ^p280^l0^i001284
945    ^p280^l0^i001285
945    ^p280^l0^i001286
945    ^p280^l0^i001287
945    ^p280^l0^i001288
945    ^p280^l0^i001289
945    ^p280^l0^i001290
999    ^aเกษร โพธิ์สุวรรณ
รายการนี้ยังไม่มีแท็ก
คุณยังไม่ได้ล็อกอิน คุณสามารถมีกิจกรรมร่วมกับเว็บไซต์ได้ แต่ต้องล็อกอินก่อน ::
  ล็อกอิน

รายการสื่อสารสนเทศ

ลำดับที่ ประเภท เลขเรียก/บาร์โค้ด สถานที่ สถานะ
1. วิทยาศาสตร์การแพทย์ และสุขภาพ
หนังสือสำรอง
สถานะ=หนังสือสำรอง
WP250 ช561ก ฉ.1 
  Barcode: 001281
ห้องสมุดวิทยาเขตสวรรค์ประชารักษ์
►ส่วนจัดเก็บหนังสือเก่า สปร
บนชั้น
  ขอยืม
2. วิทยาศาสตร์การแพทย์ และสุขภาพ
วิทยาศาสตร์การแพทย์ และสุขภาพ
WP250 ช561ก ฉ.10 
  Barcode: 001290
ห้องสมุดวิทยาเขตสวรรค์ประชารักษ์
►ส่วนจัดเก็บหนังสือเก่า สปร
บนชั้น
  ขอยืม
3. วิทยาศาสตร์การแพทย์ และสุขภาพ
วิทยาศาสตร์การแพทย์ และสุขภาพ
WP250 ช561ก ฉ.2 
  Barcode: 001282
ห้องสมุดวิทยาเขตสวรรค์ประชารักษ์
►ส่วนจัดเก็บหนังสือเก่า สปร
บนชั้น
  ขอยืม
4. วิทยาศาสตร์การแพทย์ และสุขภาพ
วิทยาศาสตร์การแพทย์ และสุขภาพ
WP250 ช561ก ฉ.3 
  Barcode: 001283
ห้องสมุดวิทยาเขตสวรรค์ประชารักษ์
►ส่วนจัดเก็บหนังสือเก่า สปร
บนชั้น
  ขอยืม
5. วิทยาศาสตร์การแพทย์ และสุขภาพ
วิทยาศาสตร์การแพทย์ และสุขภาพ
WP250 ช561ก ฉ.4 
  Barcode: 001284
ห้องสมุดวิทยาเขตสวรรค์ประชารักษ์
►ส่วนจัดเก็บหนังสือเก่า สปร
บนชั้น
  ขอยืม
6. วิทยาศาสตร์การแพทย์ และสุขภาพ
วิทยาศาสตร์การแพทย์ และสุขภาพ
WP250 ช561ก ฉ.5 
  Barcode: 001285
ห้องสมุดวิทยาเขตสวรรค์ประชารักษ์
►ส่วนจัดเก็บหนังสือเก่า สปร
บนชั้น
  ขอยืม
7. วิทยาศาสตร์การแพทย์ และสุขภาพ
วิทยาศาสตร์การแพทย์ และสุขภาพ
WP250 ช561ก ฉ.6 
  Barcode: 001286
ห้องสมุดวิทยาเขตสวรรค์ประชารักษ์
►ส่วนจัดเก็บหนังสือเก่า สปร
บนชั้น
  ขอยืม
8. วิทยาศาสตร์การแพทย์ และสุขภาพ
วิทยาศาสตร์การแพทย์ และสุขภาพ
WP250 ช561ก ฉ.7 
  Barcode: 001287
ห้องสมุดวิทยาเขตสวรรค์ประชารักษ์
►ส่วนจัดเก็บหนังสือเก่า สปร
บนชั้น
  ขอยืม
9. วิทยาศาสตร์การแพทย์ และสุขภาพ
วิทยาศาสตร์การแพทย์ และสุขภาพ
WP250 ช561ก ฉ.8 
  Barcode: 001288
ห้องสมุดวิทยาเขตสวรรค์ประชารักษ์
►ส่วนจัดเก็บหนังสือเก่า สปร
บนชั้น
  ขอยืม
10. วิทยาศาสตร์การแพทย์ และสุขภาพ
วิทยาศาสตร์การแพทย์ และสุขภาพ
WP250 ช561ก ฉ.9 
  Barcode: 001289
ห้องสมุดวิทยาเขตสวรรค์ประชารักษ์
►ส่วนจัดเก็บหนังสือเก่า สปร
บนชั้น
  ขอยืม

รายการใกล้เคียง
    ผู้แต่ง [ชินา โอฬาธรัตนพันธ์]

    หัวเรื่อง [การตรวจปากมดลูก]
    หัวเรื่อง [กล้องขยายทางช่องคลอด]
    หัวเรื่อง [ปากมดลูก]
    หัวเรื่อง [กล้องขยาย]
    หัวเรื่อง [สูติศาสตร์]

BibComment


ยังไม่เคยถูกคอมเมนท์

คอมเมนท์ทรัพยากรรายการนี้
  คอมเมนท์: การตรวจปากมดลูก ..


 Copyright 2026. Bcnsprnw @Library